000 00479nam a2200121Ia 4500
008 160712s9999 xx 000 0 und d
100 _aBatongbacal, Jay L.
245 _cJay L. Batongbacal
_aUnrequited Love among Young Filipino Gay Men: Subjective Experiences of Unreciprocated Lovers
260 _c2011
_bSocial Science Diliman
300 _avol. 7 no. 1
650 _xSOCIAL SCIENCE
856 _uhttp://journals.upd.edu.ph/index.php/socialsciencediliman/issue/view/254/showToc
999 _c297664
_d297664